000 01278naa a22003257a 4500
001 BR9301690
003 BR-BrBNA
005 20240918181020.0
007 ta
008 230509b bl.||||| |||| 00| 0 por d
040 _aBR-BrBNA
_bpor
_cBiblioteca Nacional de Agricultura
041 _a(Pt)
072 _aF04
_b1300
090 _aF04 BR9301690
100 1 _aCoutinho, E.L.M.
100 1 _aNatale, W.
100 1 _aSouza, E.C.A. de
111 1 _aSimposio sobre Nutricao e Adubacao de Hortalicas
_cJaboticabal, SP (Brazil)
_d22-25 Oct 1990
245 1 _aAdubos e corretivos: aspectos particulares na olericultura
260 3 _aPiracicaba, SP (Brasil):
_c1993.
500 _aFerreira, M.E.; Castellane, P.D.; Cruz, M.C.P. da(eds.) Nutricao e adubacao de hortalicas Piracicaba, SP (Brasil): 1993. p. 85-140 (BR9301690-AM)F04
650 _aHortalica
650 _aFertilizante
650 _aCorretivo
650 _aCalagem
650 _aAdubacao
773 0 _tNutricao e adubacao de hortalicas
_aFerreira, M.E.; Castellane, P.D.; Cruz, M.C.P. da(eds.). Associacao Brasileira para Pesquisa da Potassa e do Fosfato, Piracicaba, SP (Brasil)
_wF04 BR9301690
_gPiracicaba, SP (Brasil), 1993. p. 85-140
909 _a202404
_bLucia
_c55
_dLucia Elande
942 _cAM
_2AGRIS
999 _c323212
_d323212